[Event "Titled Tue 24th Jun Early"]
[Site "chess.com INT"]
[Date "2025.06.24"]
[Round "2"]
[White "Barseghyan, Armen Ar."]
[Black "Filippova, Margarita"]
[Result "0-1"]
[WhiteTitle "IM"]
[BlackTitle "WFM"]
[WhiteElo "2348"]
[BlackElo "2026"]
[WhiteFideId "13306707"]
[BlackFideId "34199680"]
[EventDate "2025.06.24"]

1. Nf3 d5 2. d4 Nf6 3. c4 dxc4 4. e3 c5 5. Bxc4 a6 6. a4 e6 7. O-O cxd4 8. exd4
Be7 9. Nc3 O-O 10. Re1 Nc6 11. Bg5 h6 12. Bh4 Nd5 13. Bxe7 Ncxe7 14. Qd3 b6 15.
Rad1 Bb7 16. Ne5 Rc8 17. Bb3 Nf4 18. Qg3 Nh5 19. Qg4 Nf6 20. Qe2 Ned5 21. Nxd5
Nxd5 22. Qg4 Nf6 23. Qg3 Bd5 24. h3 b5 25. axb5 axb5 26. Qd3 Bxb3 27. Qxb3 Qd5
28. Qxd5 exd5 29. Rc1 Ne4 30. f3 Nd2 31. Rc5 Rxc5 32. dxc5 Rc8 33. b4 Nc4 34.
Rd1 Nxe5 35. Rxd5 Nc6 36. Kf2 Nxb4 37. Rd4 Na6 38. Rd6 Nxc5 39. Rb6 Nd3+ 40. Ke3
Ne1 41. Kf2 Nd3+ 42. Ke3 Ne5 43. Rxb5 f6 44. Kf2 Rc2+ 45. Kg3 Kh7 46. h4 Nc4 47.
Rb3 Nd6 48. Kh3 Nf5 49. h5 Rc5 50. Rd3 Ne7 51. g4 Nc6 52. Kg3 Rc1 53. Re3 Ne5
54. Kf2 Rc2+ 55. Kg3 Nc4 56. Rd3 Rd2 57. Rc3 Ne5 58. Re3 Kg8 59. Re4 Rd3 60. Rf4
Kf7 61. Rf5 Ke6 62. Rf4 Rxf3+ 63. Rxf3 Nxf3 64. Kxf3 Ke5 65. Ke3 f5 66. g5 hxg5
67. Kf3 Kf6 68. Kg3 g6 69. h6 Kf7 70. Kf3 Kg8 71. Ke3 Kh7 72. Kf3 Kxh6 73. Kg3
Kh5 0-1

[Event "Titled Tue 24th Jun Early"]
[Site "chess.com INT"]
[Date "2025.06.24"]
[Round "2"]
[White "Medina, VInce Angelo"]
[Black "Giri, Anish"]
[Result "0-1"]
[BlackTitle "GM"]
[WhiteElo "2138"]
[BlackElo "2748"]
[WhiteFideId "5205069"]
[BlackFideId "24116068"]
[EventDate "2025.06.24"]

1. d4 g6 2. Bg5 Bg7 3. c3 d6 4. e3 h6 5. Bh4 Nd7 6. Nd2 f5 7. Bc4 Ngf6 8. f4 Nb6
9. Bb3 a5 10. a4 Bd7 11. Ngf3 Nbd5 12. Qe2 e6 13. O-O O-O 14. h3 Qe8 15. Bxf6
Bxf6 16. g3 Kh8 17. e4 fxe4 18. Nxe4 Bg7 19. Kh2 Rb8 20. Bc2 Ne7 21. Nf2 Qf7 22.
Nh4 Nf5 23. Ng2 Rbe8 24. Bb3 Bc6 25. Ne4 Bd5 26. Bc2 b6 27. Bd3 Bb7 28. Qf2 Ne7
29. Rae1 e5 30. dxe5 dxe5 31. fxe5 Qd5 32. Qd4 Qxd4 33. cxd4 Rd8 34. Nf6 Rxd4
35. Nf4 g5 36. Ne6 Rxd3 37. Rf2 Rc8 38. Nh5 Rg8 39. Nhxg7 Rxg7 40. Nxg7 Kxg7 41.
e6 Rf3 42. Rxf3 Bxf3 43. Rf1 Bh5 44. g4 Be8 45. Rc1 c6 46. b3 Kf6 47. Re1 Bg6
48. Kg3 Bc2 49. Re3 Nd5 50. Rf3+ Kxe6 51. h4 Nf6 52. hxg5 hxg5 53. Rc3 Ne4+ 0-1

[Event "Titled Tue 24th Jun Early"]
[Site "chess.com INT"]
[Date "2025.06.24"]
[Round "2"]
[White "Smirnov, Alexandr A."]
[Black "Salinas Herrera, Pablo"]
[Result "1-0"]
[WhiteTitle "FM"]
[BlackTitle "GM"]
[WhiteElo "2136"]
[BlackElo "2447"]
[WhiteFideId "24104396"]
[BlackFideId "3407128"]
[EventDate "2025.06.24"]

1. e4 c5 2. Nf3 e6 3. g3 Nc6 4. Bg2 Nf6 5. d3 d6 6. O-O Be7 7. Qe2 O-O 8. c3 Bd7
9. Nbd2 Rc8 10. Re1 b5 11. a4 b4 12. Nc4 Qc7 13. Bf4 e5 14. Bg5 Be6 15. Ne3 Rb8
16. Rab1 Qa5 17. Qc2 Rfe8 18. Nf5 Bxf5 19. exf5 Qc7 20. Nd2 h6 21. Bxf6 Bxf6 22.
Ne4 Be7 23. Qe2 d5 24. Nd2 Rbd8 25. Qg4 Bf8 26. c4 dxc4 27. Nxc4 Rd4 28. Be4 Na5
29. Nxa5 Qxa5 30. b3 Qb6 31. Rbc1 Qf6 32. h4 Red8 33. Qf3 a5 34. Kg2 Be7 35. Rc4
Rxc4 36. dxc4 Rd4 37. Bd5 Bf8 38. Qe3 Bd6 39. Qf3 Bf8 40. Qe3 Bd6 41. Qf3 Kf8
42. Re4 Rd2 43. Re2 Rxe2 44. Qxe2 Qxf5 45. Qf3 Qd7 46. Qe4 g6 47. h5 f5 48. Qe2
g5 49. g4 fxg4 50. Qe4 Qg7 51. Qf5+ Ke8 52. Qc8+ Ke7 53. Qe6+ Kf8 54. Qxd6+ Qe7
55. Qxe7+ Kxe7 56. Kg3 e4 57. Kxg4 1-0

[Event "Titled Tue 24th Jun Early"]
[Site "chess.com INT"]
[Date "2025.06.24"]
[Round "2"]
[White "Krzywda, Andrzej"]
[Black "Ejsymont, Blanka"]
[Result "0-1"]
[WhiteTitle "CM"]
[BlackTitle "WCM"]
[WhiteElo "2175"]
[BlackElo "1984"]
[WhiteFideId "1114565"]
[BlackFideId "21088268"]
[EventDate "2025.06.24"]

1. e4 c5 2. Nc3 Nc6 3. Bb5 d6 4. Bxc6+ bxc6 5. d3 d5 6. h3 e5 7. Nf3 d4 8. Na4
Bd6 9. O-O Ne7 10. b3 O-O 11. Ba3 Qa5 12. Qd2 Qb5 13. Nh4 f5 14. exf5 Nxf5 15.
Nxf5 Bxf5 16. Rae1 Rae8 17. Nb2 Bc7 18. Nc4 e4 19. dxe4 Bxe4 20. f3 Bf4 21. Qf2
Bd5 22. Rxe8 Rxe8 23. Qh4 Bxc4 24. bxc4 Be3+ 25. Kh2 Qxc4 26. Rb1 Qxc2 27. Rb7
Qf5 28. Re7 Qf4+ 29. g3 Qxh4 30. Rxe8+ Kf7 31. gxh4 Kxe8 32. Bxc5 Kd7 33. Bxa7
Kd6 34. Kg2 c5 35. Kf1 Kd5 36. Ke2 c4 37. Bb8 Bh6 38. f4 Ke4 39. a4 d3+ 40. Kd2
g6 41. a5 Bf8 42. a6 Bb4+ 43. Kc1 Ke3 44. a7 Ke2 45. a8=Q d2+ 46. Kb2 c3+ 47.
Ka2 d1=Q 48. Qg2+ Kd3 49. Qd5+ Kc2 50. Qb3+ Kd2 51. Qd5+ Kc1 0-1

[Event "Titled Tue 24th Jun Early"]
[Site "chess.com INT"]
[Date "2025.06.24"]
[Round "2"]
[White "Tari, Aryan"]
[Black "Otdelnov, Kirill"]
[Result "1/2-1/2"]
[WhiteTitle "GM"]
[BlackTitle "FM"]
[WhiteElo "2636"]
[BlackElo "2273"]
[WhiteFideId "1510045"]
[BlackFideId "24280216"]
[EventDate "2025.06.24"]

1. e4 e6 2. d4 d5 3. Nc3 Nf6 4. e5 Nfd7 5. f4 c5 6. Nf3 Nc6 7. Be3 a6 8. Qd2 b5
9. Nd1 b4 10. Be2 Be7 11. O-O O-O 12. Nf2 Qb6 13. c4 cxd4 14. Nxd4 Bc5 15. Rad1
dxc4 16. Bxc4 Bb7 17. Ne4 Bxd4 18. Bxd4 Nxd4 19. Qxd4 Bxe4 20. Rf2 Qxd4 21. Rxd4
Nc5 22. Rfd2 Rfc8 23. Be2 Bd5 24. Rxb4 Bxa2 25. Bf3 Rab8 26. Rxb8 Rxb8 27. b4
Na4 28. Rxa2 Rxb4 29. g3 Rb1+ 30. Kg2 Rb2+ 31. Rxb2 Nxb2 32. Kf2 a5 33. Ke3 a4
34. Be4 a3 35. Bb1 g6 36. Kd4 Kg7 37. Kc3 Nd1+ 38. Kd2 Nf2 39. Ke2 Ng4 40. h3
Nh6 41. g4 Ng8 42. Kd3 Ne7 43. Kd4 h5 44. Ba2 Nd5 45. f5 Nb4 46. fxe6 fxe6 47.
Bxe6 a2 48. Bxa2 Nxa2 49. gxh5 gxh5 50. Kd5 Nc3+ 51. Kd6 Ne4+ 52. Kd7 h4 53. e6
Nf6+ 54. Kd6 Kf8 55. Ke5 Ke7 56. Kf5 Nd5 57. Kg5 Kxe6 58. Kxh4 Nf6 59. Kg5 Kf7
60. h4 Kg7 61. h5 Nxh5 1/2-1/2

[Event "Titled Tue 24th Jun Early"]
[Site "chess.com INT"]
[Date "2025.06.24"]
[Round "2"]
[White "Saiz Rodriguez, Daniel Evelio"]
[Black "Leiva, Gianmarco"]
[Result "0-1"]
[WhiteTitle "FM"]
[BlackTitle "IM"]
[WhiteElo "2187"]
[BlackElo "2387"]
[WhiteFideId "3523420"]
[BlackFideId "3804399"]
[EventDate "2025.06.24"]

1. c4 e6 2. e4 d5 3. exd5 exd5 4. d4 Nf6 5. Nc3 Bb4 6. Bd3 dxc4 7. Bxc4 O-O 8.
Ne2 h6 9. O-O Nc6 10. h3 Bd6 11. a3 a6 12. Qd3 Ne7 13. Ng3 Bxg3 14. Qxg3 Nf5 15.
Qd3 Qxd4 16. Qxd4 Nxd4 17. Bf4 Be6 18. Rfd1 Rfd8 19. Bf1 c5 20. Na4 Bb3 21. Nb6
Bxd1 22. Nxa8 Nd5 23. Bg3 Bb3 24. Nc7 Nb6 25. Nxa6 bxa6 26. Bc7 Rc8 27. Bxb6 Rc6
28. Ba5 Ba4 29. Re1 Bb5 30. Bc3 f6 31. Re7 Bxf1 32. Kxf1 Nb5 33. Re3 Nd6 34. Ke2
Kf7 35. Rd3 Ke6 36. Rd1 Rb6 37. Kf3 h5 38. Rd2 Rb3 39. g4 Nb5 40. gxh5 Nxc3 41.
Rd3 Nb5 42. Rxb3 Nd4+ 43. Ke4 Nxb3 44. f4 Na5 45. b4 cxb4 46. axb4 Nc6 47. f5+
Kf7 48. Kd3 Nxb4+ 49. Kc4 Nc6 50. Kc5 Ne7 51. Kb6 Nxf5 52. Kxa6 Ng3 53. Kb5 Nxh5
54. Kc4 Nf4 55. Kd4 Nxh3 56. Ke4 Ng5+ 0-1

[Event "Titled Tue 24th Jun Early"]
[Site "chess.com INT"]
[Date "2025.06.24"]
[Round "2"]
[White "Askarov, Bakhtiyar"]
[Black "Aghaei, Alireza"]
[Result "0-1"]
[WhiteTitle "IM"]
[BlackTitle "CM"]
[WhiteElo "2297"]
[BlackElo "2204"]
[WhiteFideId "13701100"]
[BlackFideId "12509914"]
[EventDate "2025.06.24"]

1. Nf3 Nf6 2. b3 g6 3. Bb2 Bg7 4. d4 d5 5. e3 O-O 6. Be2 c5 7. O-O cxd4 8. exd4
Nc6 9. a3 Bf5 10. Nh4 Bd7 11. Nf3 Bg4 12. Ne5 Bxe2 13. Qxe2 Rc8 14. Nd2 Qb6 15.
Ndf3 Nxe5 16. Nxe5 Rc7 17. c4 dxc4 18. bxc4 Nd7 19. c5 Qe6 20. f4 b6 21. Rad1
bxc5 22. d5 Qb6 23. Nc4 Qb5 24. Bxg7 Kxg7 25. Rb1 Qa6 26. Rfc1 Nf6 27. Qe5 Rd7
28. Ne3 Qd6 29. Rd1 Rfd8 30. Qxd6 Rxd6 31. Rb7 Nxd5 32. Nc4 R6d7 33. Rxd7 Rxd7
34. Ne5 Rd6 35. Nc4 Rd8 36. g3 e6 37. Rb1 Rd7 38. Rb5 Rc7 39. Rb8 h5 40. Nd6 Kh7
41. Kf2 Rd7 42. Ne4 Kg7 43. Nxc5 Rc7 44. Ne4 Rc2+ 45. Kf3 Ra2 46. Rb7 Rxa3+ 47.
Kf2 Ra2+ 48. Kf3 Ra6 49. Ng5 Nf6 0-1

[Event "Titled Tue 24th Jun Early"]
[Site "chess.com INT"]
[Date "2025.06.24"]
[Round "2"]
[White "Gruzman, Ilya"]
[Black "Weisz, Bryan"]
[Result "0-1"]
[WhiteTitle "CM"]
[WhiteElo "2165"]
[BlackElo "2059"]
[WhiteFideId "2812703"]
[BlackFideId "30934133"]
[EventDate "2025.06.24"]

1. d4 Nf6 2. c4 b6 3. Nc3 Bb7 4. Qc2 d5 5. cxd5 Nxd5 6. e4 Nxc3 7. bxc3 g6 8.
Nf3 Bg7 9. Bc4 O-O 10. O-O c5 11. d5 Nd7 12. Bf4 Nf6 13. Rfd1 Ne8 14. e5 Qc8 15.
h3 Ba6 16. Bd3 Bxd3 17. Qxd3 c4 18. Qe4 Qc5 19. d6 Rd8 20. Rd5 Qa3 21. dxe7 Qxe7
22. Bg5 f6 23. Rxd8 Qxd8 24. Qxc4+ Kh8 25. exf6 Bxf6 26. Bh6 Bg7 27. Bxg7+ Nxg7
28. Ne5 Qf6 29. Qd4 Ne6 30. Qe3 Nf4 31. Nd7 Qg5 32. g3 Nxh3+ 33. Kh2 Qxe3 34.
fxe3 Rd8 35. Rd1 Ng5 36. Rd5 Ne6 37. Nf6 Rxd5 38. Nxd5 Nc5 39. Kg2 Kg7 40. Kf3
Kf7 41. Kf4 Ke6 42. Nc7+ Kd7 43. Nb5 a6 44. Nd4 Na4 45. Kg5 Nxc3 46. Kh6 Nxa2
47. Kxh7 b5 48. Kxg6 b4 49. Kf7 a5 50. g4 a4 51. Nc2 b3 52. Na3 Nb4 53. g5 Nc2
54. Nb1 a3 55. Nd2 b2 56. g6 a2 57. g7 a1=Q 58. Nb1 Qxb1 59. g8=Q Qa2+ 60. Kf8
Qxg8+ 61. Kxg8 b1=Q 0-1

[Event "Titled Tue 24th Jun Early"]
[Site "chess.com INT"]
[Date "2025.06.24"]
[Round "2"]
[White "Burmakin, Evgeniy"]
[Black "Kosteniuk, Alexandra"]
[Result "0-1"]
[WhiteTitle "FM"]
[BlackTitle "GM"]
[WhiteElo "2110"]
[BlackElo "2474"]
[WhiteFideId "4163729"]
[BlackFideId "4128125"]
[EventDate "2025.06.24"]

1. e4 c6 2. Nc3 d5 3. Nf3 dxe4 4. Nxe4 Nf6 5. Qe2 Bf5 6. Nxf6+ gxf6 7. d4 Qd5 8.
c4 Qe4 9. Be3 e6 10. Rc1 Bb4+ 11. Nd2 Qg4 12. Qxg4 Bxg4 13. Bd3 Bh5 14. a3 Ba5
15. b4 Bc7 16. f3 Nd7 17. Ke2 Rg8 18. g4 Bg6 19. h4 Bxd3+ 20. Kxd3 O-O-O 21. Ne4
f5 22. gxf5 exf5 23. Ng5 Rg7 24. Rhg1 f4 25. Bf2 h6 26. Ne4 Rg6 27. h5 Re6 28.
Rg7 f5 29. Nd2 Nf6 30. Rh1 Rde8 31. Rg6 Ne4 32. fxe4 fxe4+ 33. Kc2 e3 34. Rxe6
Rxe6 35. Re1 Kd7 36. Bxe3 fxe3 37. Nf3 Bf4 38. Kd3 b5 39. cxb5 cxb5 40. Re2 Kd6
41. Nh4 Rf6 42. Ng2 Bg5 43. Nxe3 Rf3 44. Ke4 Rf4+ 45. Kd3 Rf3 46. Ke4 Rh3 47.
Kf5 Bxe3 48. Kg6 Rg3+ 49. Kf5 Kd5 50. Rc2 Kxd4 51. Rc7 Kd3 52. Rxa7 Bxa7 0-1

[Event "Titled Tue 24th Jun Early"]
[Site "chess.com INT"]
[Date "2025.06.24"]
[Round "2"]
[White "Pontes, Luiz Felizola Lima"]
[Black "Barrientos, Ernesto"]
[Result "1-0"]
[BlackTitle "CM"]
[WhiteElo "2062"]
[BlackElo "2027"]
[WhiteFideId "44709919"]
[BlackFideId "3701247"]
[EventDate "2025.06.24"]

1. Nf3 c5 2. g3 Nc6 3. Bg2 e5 4. d3 d5 5. Nbd2 Nf6 6. e4 dxe4 7. dxe4 Bg4 8. O-O
Nd4 9. c3 Nxf3+ 10. Bxf3 h5 11. Qc2 Qd7 12. Bg2 Be2 13. Re1 Bd3 14. Qb3 b5 15.
Nf3 c4 16. Qd1 Bd6 17. Nd2 Bc5 18. Nf1 Ng4 19. Be3 Nxe3 20. Nxe3 h4 21. Nd5 hxg3
22. hxg3 Rh6 23. Bf1 Bxf1 24. Kxf1 Qg4 25. Qxg4 Rd8 26. Nc7+ Kf8 27. Nxb5 Rb6
28. Rad1 a6 29. Rxd8+ Ke7 30. Qd7+ Kf6 31. Qd5 Kg6 32. Rd6+ Bxd6 33. Qxd6+ Rxd6
34. Nxd6 Kf6 35. Ne8+ Ke6 36. Nc7+ Kd7 37. Nxa6 Kc6 38. Nb4+ Kb5 39. Rd1 Kc5 40.
Ke2 Kb6 41. Ke3 Kc5 42. Rd5+ Kb6 43. Rxe5 f6 44. Rf5 Kc7 45. g4 Kd6 46. g5 fxg5
47. Rxg5 Ke6 48. Rxg7 Kf6 49. Rc7 Ke5 50. Rxc4 Kd6 51. Rc6+ Ke5 52. Rc5+ Kd6 53.
Rd5+ Ke6 54. f4 Kf6 55. e5+ Kf5 56. Nd3 Ke6 57. Ke4 Kf7 58. f5 Ke7 59. f6+ Ke6
60. Nf4+ Kf7 61. Rd7+ Ke8 62. e6 Kf8 63. Rd8# 1-0

[Event "Titled Tue 24th Jun Early"]
[Site "chess.com INT"]
[Date "2025.06.24"]
[Round "2"]
[White "Mammadzada, Gunay"]
[Black "Rushbrooke, Remy"]
[Result "1-0"]
[WhiteTitle "IM"]
[WhiteElo "2390"]
[BlackElo "2090"]
[WhiteFideId "13403729"]
[BlackFideId "443590"]
[EventDate "2025.06.24"]

1. e4 c5 2. Nf3 Nc6 3. d4 cxd4 4. Nxd4 e5 5. Nb5 d6 6. N1c3 a6 7. Na3 Nf6 8. Nc4
b5 9. Ne3 Be6 10. g3 b4 11. Ncd5 Nxe4 12. Bg2 f5 13. O-O Be7 14. Nxe7 Qxe7 15.
Nxf5 Bxf5 16. Qd5 Rc8 17. Bxe4 Be6 18. Qd1 Nd4 19. Be3 Nf5 20. Qd2 Nxe3 21. fxe3
a5 22. a3 Bf7 23. axb4 axb4 24. Qxb4 O-O 25. Ra6 Rc4 26. Qb7 Qxb7 27. Bxb7 Rb4
28. Bg2 d5 29. Rd6 Rxb2 30. Bxd5 Bxd5 31. Rxf8+ Kxf8 32. Rxd5 Rxc2 33. Rxe5 Kf7
34. Rf5+ Ke6 35. Rf2 Rc1+ 36. Kg2 g6 37. Kf3 Rc4 38. h4 h6 39. Rd2 g5 40. Rd4
Rc1 41. hxg5 hxg5 42. Kg4 Kf6 43. Rd6+ Ke5 44. Rg6 Ke4 45. Re6+ Kd5 46. Re8 Rg1
47. e4+ Kd4 48. e5 Kd5 49. e6 Kd6 50. Rg8 Kxe6 51. Rxg5 Kf6 52. Rc5 Kg6 53. Rc6+
Kg7 54. Rc3 Ra1 55. Kh4 Rh1+ 56. Kg5 Ra1 57. g4 1-0

[Event "Titled Tue 24th Jun Early"]
[Site "chess.com INT"]
[Date "2025.06.24"]
[Round "2"]
[White "Niemann, Hans Moke"]
[Black "Brady, Tyson"]
[Result "1/2-1/2"]
[WhiteTitle "GM"]
[BlackTitle "CM"]
[WhiteElo "2736"]
[BlackElo "2170"]
[WhiteFideId "2093596"]
[BlackFideId "30970369"]
[EventDate "2025.06.24"]

1. e4 c5 2. Nf3 g6 3. c3 d5 4. e5 Nc6 5. h3 d4 6. Bc4 Bg7 7. Qe2 e6 8. O-O Nge7
9. d3 h6 10. Nbd2 O-O 11. Ne4 Nf5 12. Bf4 b6 13. Rfe1 Bb7 14. a4 dxc3 15. bxc3
Na5 16. Ba2 Bd5 17. Bb1 Bxe4 18. dxe4 Ne7 19. Bc2 Qc7 20. Rad1 g5 21. Bg3 Ng6
22. Rd2 Nc6 23. Red1 Ncxe5 24. h4 Qe7 25. hxg5 hxg5 26. Nxe5 Bxe5 27. Qg4 Qf6
28. Rd3 Kg7 29. Rf3 Bf4 30. Bxf4 gxf4 31. e5 Qxe5 32. Bxg6 fxg6 33. Rd7+ Rf7 34.
Rxf7+ Kxf7 35. Rxf4+ Kg7 36. Qf3 Rd8 37. g3 Rd7 38. c4 Qd6 39. Qc3+ e5 40. Re4
Re7 41. Qe3 Qf6 42. f4 Qd6 43. fxe5 Qd1+ 44. Kg2 Rd7 45. Rf4 Rd2+ 46. Rf2 Rxf2+
47. Qxf2 Qd8 48. Qf4 Qa8+ 49. Kf2 Qd8 50. Ke3 Qe7 51. g4 Qe6 52. g5 Kg8 53. Qe4
Qh3+ 54. Kd2 Qh2+ 55. Kc3 Qh3+ 56. Qd3 Qxd3+ 57. Kxd3 Kf7 58. Ke3 Ke7 59. Kf4
Kf7 60. Ke4 Ke6 61. Kf4 Kf7 62. Kf3 Ke7 63. Ke3 Kd7 64. Kd3 Ke7 65. Ke3 Kd7 66.
Ke4 Ke6 67. Kf4 Kf7 1/2-1/2

[Event "Titled Tue 24th Jun Early"]
[Site "chess.com INT"]
[Date "2025.06.24"]
[Round "2"]
[White "Lowinger, Daniel"]
[Black "Ter-Sahakyan, Samvel"]
[Result "1/2-1/2"]
[BlackTitle "GM"]
[WhiteElo "2086"]
[BlackElo "2611"]
[WhiteFideId "2005557"]
[BlackFideId "13302531"]
[EventDate "2025.06.24"]

1. e4 e6 2. d4 d5 3. Nc3 Nf6 4. e5 Nfd7 5. f4 c5 6. Nf3 Nc6 7. Be3 h6 8. Qd2 g5
9. fxg5 cxd4 10. Nxd4 Nxd4 11. Bxd4 Qxg5 12. O-O-O Qxd2+ 13. Rxd2 a6 14. Be2 Bg7
15. Bh5 O-O 16. Re2 b5 17. a4 b4 18. Nb1 a5 19. Nd2 Ba6 20. Re3 Bb7 21. g4 Rac8
22. Nb3 Bc6 23. Nxa5 Bxa4 24. b3 Bb5 25. Kb2 Rc7 26. Rc1 Ra8 27. c4 Rxa5 28.
cxb5 Rxc1 29. Kxc1 Rxb5 30. Rf3 Nxe5 31. Bxe5 Bxe5 32. Bxf7+ Kg7 33. Bxe6 Bxh2
34. Rf5 Rc5+ 35. Kb2 Rc3 36. Bxd5 Rg3 37. Bf3 Bg1 38. Kc2 Bd4 39. Kd3 Bc3 40.
Kc4 Rg1 41. Be2 Re1 42. Bd3 Re7 43. Rc5 Re3 44. Bf5 Re7 45. Rd5 Rc7+ 46. Kd3 Re7
47. Rd7 Rxd7+ 48. Bxd7 Kf6 49. Ke4 Kg5 50. Be6 Bb2 51. Bc4 Kxg4 52. Be2+ Kg5 53.
Kf3 h5 54. Kg2 Be5 55. Kh3 Bf6 56. Bc4 h4 57. Bd5 Kf4 58. Bc4 Ke5 59. Bg8 Kd4
60. Bf7 Kc3 61. Bg8 Kd4 62. Bf7 Kc3 63. Bg8 Kd4 1/2-1/2

[Event "Titled Tue 24th Jun Early"]
[Site "chess.com INT"]
[Date "2025.06.24"]
[Round "2"]
[White "Sarveshwaran V"]
[Black "Chernov, Alexander A."]
[Result "1-0"]
[WhiteTitle "CM"]
[BlackTitle "FM"]
[WhiteElo "2290"]
[BlackElo "2314"]
[WhiteFideId "25699016"]
[BlackFideId "4152492"]
[EventDate "2025.06.24"]

1. e4 e5 2. Nf3 Nc6 3. Bb5 Bc5 4. O-O Nd4 5. Nxd4 Bxd4 6. c3 Bb6 7. d4 c6 8. Ba4
d6 9. Re1 Nf6 10. Bc2 h6 11. a4 O-O 12. Na3 Be6 13. Be3 Ng4 14. h3 Nxe3 15. Rxe3
d5 16. exd5 exd4 17. Qd3 g6 18. Rxe6 Qg5 19. Re4 dxc3 20. bxc3 Rad8 21. d6 Bc5
22. d7 Qd5 23. Qxd5 cxd5 24. Re2 Rxd7 25. Nb5 Rc8 26. Rd1 a6 27. Nd4 Ba7 28. Rd3
Rdc7 29. Bd1 Rxc3 30. Rdd2 R8c4 31. Nf3 d4 32. g4 Rc1 33. Re8+ Kg7 34. Kg2 Rc7
35. h4 Rd7 36. g5 hxg5 37. hxg5 Rc3 38. Ne5 Rdc7 39. Ng4 Rc8 40. Nf6 Rxe8 41.
Nxe8+ Kf8 42. Nd6 Rc7 43. f4 Rd7 44. Ne4 Bb8 45. Kf3 d3 46. Nf6 Rd4 47. Bb3
Rxf4+ 48. Ke3 Rf5 49. Rxd3 Rxg5 50. Rd8+ Kg7 51. Ne8+ 1-0

[Event "Titled Tue 24th Jun Early"]
[Site "chess.com INT"]
[Date "2025.06.24"]
[Round "2"]
[White "Boramanikar, Tanisha S"]
[Black "Stojanovski, Sandi"]
[Result "1-0"]
[WhiteTitle "WCM"]
[BlackTitle "FM"]
[WhiteElo "1743"]
[BlackElo "2169"]
[WhiteFideId "35023454"]
[BlackFideId "1403249"]
[EventDate "2025.06.24"]

1. e4 d6 2. d4 Nf6 3. Nc3 g6 4. f3 Bg7 5. Be3 O-O 6. Qd2 e5 7. dxe5 dxe5 8.
O-O-O Qxd2+ 9. Rxd2 Be6 10. Nb5 Na6 11. Kb1 c6 12. Nd6 Rfb8 13. f4 Ng4 14. Bxa6
bxa6 15. Bc5 exf4 16. b3 Ne5 17. Nf3 Nxf3 18. gxf3 Be5 19. Rhd1 a5 20. a4 Kg7
21. Ka2 Kf6 22. h4 h6 23. Bd4 Bxd4 24. Rxd4 Ke5 25. Nc4+ Bxc4 26. Rxc4 Rb6 27.
Rc5+ Ke6 28. Rxa5 a6 29. Ka3 Rg8 30. e5 g5 31. Rd6+ Ke7 32. Rxh6 g4 33. fxg4
Rxg4 34. h5 Rg2 35. Rf6 Rxc2 36. Rxf4 Rc3 37. Rb4 Rxb4 38. Kxb4 Re3 39. Rxa6 Kd7
40. h6 Rxe5 41. Ra7+ Ke6 42. Rc7 Re4+ 43. Kc5 Re5+ 44. Kb6 Re4 45. Rxc6+ Kd5 46.
Rc5+ Kd6 47. Rh5 Re8 48. h7 Rh8 49. b4 Ke6 50. a5 Kf6 51. a6 Kg6 52. Rh2 f5 53.
a7 Kg5 54. Kb7 Kg4 55. a8=Q Rxh7+ 56. Rxh7 f4 57. Qg8+ Kf3 58. Rh3+ Ke4 59. Qe6+
Kd4 60. Qf5 Kc4 61. Qxf4+ Kd5 62. Rh5+ Ke6 63. Qf5+ Ke7 64. Rh7+ Ke8 65. Qf7+
Kd8 66. Qd7# 1-0

[Event "Titled Tue 24th Jun Early"]
[Site "chess.com INT"]
[Date "2025.06.24"]
[Round "2"]
[White "Kozak, Adam"]
[Black "Kozlov, Oleg"]
[Result "0-1"]
[WhiteTitle "GM"]
[BlackTitle "IM"]
[WhiteElo "2587"]
[BlackElo "2253"]
[WhiteFideId "753246"]
[BlackFideId "4104544"]
[EventDate "2025.06.24"]

1. c4 e6 2. d4 Nf6 3. Nc3 Bb4 4. e3 c5 5. Bd3 d5 6. cxd5 exd5 7. Ne2 c4 8. Bc2
O-O 9. O-O Nc6 10. f3 Re8 11. e4 Bxc3 12. bxc3 dxe4 13. Ng3 e3 14. Qe2 Nd5 15.
Qxc4 Na5 16. Qd3 g6 17. Re1 Qc7 18. Bxe3 Be6 19. Bd2 Rac8 20. Rac1 Nc4 21. Bb3
b5 22. Bxc4 bxc4 23. Qc2 f5 24. Qa4 Bf7 25. Nf1 f4 26. Re4 Rxe4 27. fxe4 Nf6 28.
Re1 Qb7 29. e5 Ne4 30. Bxf4 Nxc3 31. Qc2 Nd5 32. Bh6 Be6 33. Ng3 Nb4 34. Qf2 Nd3
35. Qf6 Qf7 36. Re2 c3 37. Re3 Nb4 38. Rxc3 Qxf6 39. Rxc8+ Bxc8 40. exf6 Nxa2
41. Ne4 Be6 42. Kf2 Nb4 43. Bg7 a5 44. Ke2 a4 45. Kd2 a3 46. d5 Bxd5 47. Nf2 a2
48. Ng4 Kf7 49. Nh6+ Ke8 50. h4 Bf7 51. Nxf7 Kxf7 52. Kc3 a1=Q+ 53. Kxb4 Qe5 54.
Kc4 Qf4+ 55. Kd5 Qxh4 56. g3 Qg4 57. Bh6 Qxg3 58. Bg5 Qxg5+ 59. Kd6 Qxf6+ 60.
Kd7 h5 61. Kc8 h4 62. Kd7 h3 63. Kc7 h2 64. Kb8 h1=Q 65. Kc8 Qhc6+ 66. Kb8 Qd8+
67. Ka7 Qda8# 0-1

[Event "Titled Tue 24th Jun Early"]
[Site "chess.com INT"]
[Date "2025.06.24"]
[Round "2"]
[White "Dubnevych, Maksym"]
[Black "Khanbutaev, Artemii"]
[Result "1-0"]
[WhiteTitle "FM"]
[WhiteElo "2296"]
[BlackElo "2139"]
[WhiteFideId "14184001"]
[BlackFideId "55747175"]
[EventDate "2025.06.24"]

1. h4 d5 2. h5 h6 3. d4 Nf6 4. Bf4 c5 5. dxc5 e6 6. e3 Bxc5 7. c3 Nc6 8. Nf3 Ne4
9. Nbd2 Nxd2 10. Qxd2 Bd6 11. Bxd6 Qxd6 12. Rd1 Qe7 13. Be2 O-O 14. O-O b6 15.
b4 Bb7 16. b5 Na5 17. Ne5 Rac8 18. f4 Rc7 19. Bd3 Rfc8 20. Rc1 Nc4 21. Nxc4 dxc4
22. Bb1 Qc5 23. Rcd1 Qxb5 24. Qc2 f5 25. Rd4 Qe8 26. Qe2 Rd8 27. Re1 Rxd4 28.
exd4 Bd5 29. Bxf5 Re7 30. Bg6 Qf8 31. Qg4 Qb8 32. Bc2 Qd6 33. Qg6 Qa3 34. Qh7+
Kf7 35. Bg6+ Kf6 36. Qg8 Rd7 37. f5 exf5 38. Qe8 Re7 39. Qf8+ Bf7 40. Rf1 Qxc3
41. Rxf5+ Ke6 42. d5+ Kd7 43. Rxf7 Qd4+ 44. Kf1 Qd1+ 45. Kf2 Qd2+ 46. Kg3 Qe3+
47. Kh2 Qe5+ 48. Rf4 Qxd5 49. Bf5+ Kd6 50. Qd8+ Kc5 51. Qxe7+ Kb5 52. Bd7+ Ka6
53. Qa3+ Kb7 54. Qf3 Qxf3 55. Rxf3 b5 56. Rg3 Kb6 57. Rxg7 a5 58. Bf5 c3 59.
Rg6+ Kc5 60. Rxh6 b4 61. Rh8 a4 62. Rb8 Kc4 63. h6 b3 64. axb3+ axb3 65. Rxb3
Kxb3 66. h7 c2 67. Bxc2+ Kxc2 68. h8=Q Kd2 69. Qh3 Kc2 70. g4 Kd2 71. g5 Kc2 72.
g6 Kd2 73. g7 Kc2 74. g8=Q Kd2 75. Qf3 Kc2 76. Qgg2+ Kb1 1-0

[Event "Titled Tue 24th Jun Early"]
[Site "chess.com INT"]
[Date "2025.06.24"]
[Round "2"]
[White "Shangin, Lev"]
[Black "Young, Cohen"]
[Result "1/2-1/2"]
[BlackTitle "CM"]
[WhiteElo "2169"]
[BlackElo "2060"]
[WhiteFideId "55681085"]
[BlackFideId "4317440"]
[EventDate "2025.06.24"]

1. d4 Nf6 2. c4 e6 3. Nf3 d5 4. cxd5 exd5 5. Nc3 c6 6. Bg5 Be7 7. e3 O-O 8. Bd3
h6 9. Bf4 a5 10. O-O Be6 11. h3 Nbd7 12. Rc1 Ne8 13. Bb1 Bd6 14. Qd3 Ndf6 15.
Ne5 Nc7 16. Na4 Na6 17. a3 Rc8 18. Rfe1 Nb8 19. Bg3 Re8 20. f4 Ne4 21. Bh2 h5
22. Rf1 Bf5 23. Qe2 g6 24. Nc3 Nxc3 25. bxc3 Bxb1 26. Rxb1 b5 27. f5 Qc7 28.
fxg6 fxg6 29. Rf6 Bxe5 30. Bxe5 Rxe5 31. dxe5 Qxe5 32. Rbf1 Re8 33. Rxg6+ Kh7
34. Rgf6 Qxe3+ 35. Qxe3 Rxe3 36. Rf7+ Kg6 37. h4 Re6 38. Ra7 c5 39. Rxa5 Rb6 40.
Rf8 Nc6 41. Raa8 d4 42. cxd4 Nxd4 43. Rac8 c4 44. Rc5 c3 45. Rg5+ Kh7 46. Rxh5+
Kg7 47. Rc8 c2 48. Kf2 Rf6+ 49. Ke3 Nf5+ 50. Rxf5 Rxf5 51. Rxc2 Rh5 52. g3 Kf6
53. Rb2 Ke6 54. Kf4 Rc5 55. Kg4 Rc3 56. h5 Rxa3 57. Rxb5 Kf7 58. Kg5 Rxg3+ 59.
Kf4 Rg8 60. Rb7+ Kf6 61. Rc7 Rf8 62. Kg4 Rg8+ 63. Kh4 Rh8 64. Rb7 Rg8 65. h6 Rg6
66. h7 Rh6+ 67. Kg4 Kg6 68. Rb6+ Kxh7 69. Rxh6+ Kxh6 1/2-1/2